000 00766nam a2200217Ii 4500
003 JO-AjNU
008 230605s9999||||xx |||||||||||||| ||und||
017 _a2006/7/2012
040 _aJO-AjNU
_bara
_erda
_cJO-AjNU
041 _aara
050 1 4 _aKBP558.M87.2006
100 3 _a المستريحي ، محمد احمد,
_eauthor
_915465
245 0 0 _aفسخ عقد النكاح بالأمراض الوراثية " دراسة مقارنة "
250 _a(د،ط)
264 3 1 _aد ، م : د ، ن ، 2006
300 _a229ص
336 _atext
_btxt
_2rdacontent
337 _aunmediated
_bn
_2rdamedia
338 _avolume
_bnc
_2rdacarrier
650 4 _aفسخ الزواج - الزواج - الأمراض الوراثية - الأسرة - النكاح
_915466
999 _aA4374
_c7942
_d7942